| 000 | 00773nam a22002057a 4500 | ||
|---|---|---|---|
| 999 |
_c18631 _d18631 |
||
| 003 | AR-CdUCM | ||
| 008 | 190514b ||||| |||| 00| 0 spa d | ||
| 040 |
_aMUNICIPALIDAD PROVINCIAL DEL CUSCO _cBIBLIOTECA MUNICIPAL DEL CUSCO |
||
| 082 |
_24ed. _a343.8 / _bF65 |
||
| 100 |
_aFlores Polo, Pedro _93159 |
||
| 245 | _aManuel del código tributario / | ||
| 260 |
_aLima : _bJusto Valenzuela, _c1988. |
||
| 300 |
_a755 páginas ; _c22 cm. |
||
| 505 | _aContenido : Aspectos tributarios de la nueva constitución política -- Preceptos constitucionales en materia tributaria -- Gonzalo Ortiz de Zevallos Roedel Fiscal de la nación ... | ||
| 650 |
_aDerecho _9739 |
||
| 650 |
_aLeyes _94808 |
||
| 650 |
_aTributario _939333 |
||
| 942 |
_2ddc _cLIBROS |
||
| 945 |
_arah _d2019/05/14 |
||